[Event "Bodensee op"]
[Site "Bregenz"]
[Date "2022.05.22"]
[Round "2"]
[White "Fahrner, Kurt"]
[Black "Giselbrecht, Jerrik"]
[Result "1-0"]
[WhiteElo "2314"]
[BlackElo "1719"]
[PlyCount "41"]
[EventDate "2022.05.21"]
[EventType "swiss"]
[EventRounds "9"]
[EventCountry "AUT"]
[SourceTitle "CBM 208 Extra"]
[Source "ChessBase"]
[SourceDate "2022.07.31"]
[SourceVersion "1"]
[SourceVersionDate "2022.07.31"]
[SourceQuality "1"]

1. c4 e5 2. g3 Nf6 3. Bg2 d5 4. cxd5 Nxd5 5. Nc3 Be6 6. Nf3 Nc6 7. 0-0 Bc5 8. Nxe5 Nxe5 9. d4 Bxd4 10. Qxd4 Nc6 11. Qxg7 Qf6 12. Qxf6 Nxf6 13. Bg5 Nd7 14. Nb5 Rc8 15. Bf4 Bc4 16. Nxc7+ Kd8 17. Nd5 Bxe2 18. Rfe1 Nd4 19. Bg5+ f6 20. Nxf6 Rc4 21. b3 1-0

[Event "AUT-ch U16"]
[Site "St Veit"]
[Date "2022.04.11"]
[Round "3"]
[White "Giselbrecht, Jerrik"]
[Black "Gschiel, Alexander"]
[Result "0-1"]
[WhiteElo "1735"]
[BlackElo "2186"]
[PlyCount "70"]
[EventDate "2022.04.10"]
[EventType "swiss"]
[EventRounds "7"]
[EventCountry "AUT"]
[SourceTitle "EXT 2023"]
[Source "ChessBase"]
[SourceDate "2022.10.05"]
[SourceVersion "1"]
[SourceVersionDate "2022.10.05"]
[SourceQuality "1"]

1. d4 d5 2. Nf3 Nf6 3. g3 e6 4. Bg2 b5 5. 0-0 c5 6. a4 b4 7. c4 bxc3 8. Nxc3 Nc6 9. Bf4 Be7 10. Nb5 0-0 11. Nc7 Rb8 12. Nb5 Rb7 13. b3 Ne4 14. Rc1 a6 15. Nc3 Nxc3 16. Rxc3 Nxd4 17. Nxd4 cxd4 18. Qxd4 g5 19. Bd2 Bf6 20. Qd3 Bxc3 21. Qxc3 f6 22. Rc1 Qb6 23. b4 Bd7 24. e4 d4 25. Qb3 Rc7 26. Rd1 h6 27. a5 Qb5 28. Bh3 Qe5 29. b5 axb5 30. Bf5 Rc4 31. f4 Qc5 32. Bh3 Kg7 33. Bf1 d3+ 34. Kh1 Rxe4 35. Bg2 Bc6 0-1

[Event "AUT-ch U14"]
[Site "St Veit"]
[Date "2021.10.28"]
[Round "6.7"]
[White "Trummer, Alexander"]
[Black "Giselbrecht, Jerrik"]
[Result "1/2-1/2"]
[WhiteElo "1625"]
[BlackElo "1714"]
[PlyCount "60"]
[EventDate "2021.10.25"]
[EventType "swiss"]
[EventRounds "7"]
[EventCountry "AUT"]
[SourceTitle "EXT 2023"]
[Source "ChessBase"]
[SourceDate "2022.10.05"]
[SourceVersion "1"]
[SourceVersionDate "2022.10.05"]
[SourceQuality "1"]

1. Nf3 d5 2. g3 Bg4 3. Bg2 Nd7 4. 0-0 c6 5. d3 e5 6. Nbd2 Ngf6 7. e4 dxe4 8. Nxe4 Nxe4 9. dxe4 Qc7 10. c3 Bc5 11. Qc2 0-0 12. h3 Bh5 13. Re1 Rfe8 14. Be3 Bxe3 15. Rxe3 Nf6 16. Rd1 Bg6 17. Nh4 Rad8 18. Nxg6 hxg6 19. Red3 Qb6 20. Qb3 Qxb3 21. axb3 Rxd3 22. Rxd3 Kf8 23. Kf1 Ke7 24. Ke2 Nd7 25. b4 Nb6 26. b3 Rc8 27. f4 Nd7 28. Bf3 Rc7 29. Bg4 exf4 30. Rxd7+ Rxd7 1/2-1/2

[Event "AUT-ch U14"]
[Site "St Veit"]
[Date "2021.10.27"]
[Round "4.8"]
[White "Ganbat, Gan Erdene"]
[Black "Giselbrecht, Jerrik"]
[Result "0-1"]
[WhiteElo "1324"]
[BlackElo "1714"]
[PlyCount "50"]
[EventDate "2021.10.25"]
[EventType "swiss"]
[EventRounds "7"]
[EventCountry "AUT"]
[SourceTitle "EXT 2023"]
[Source "ChessBase"]
[SourceDate "2022.10.05"]
[SourceVersion "1"]
[SourceVersionDate "2022.10.05"]
[SourceQuality "1"]

1. e4 c5 2. Nc3 e6 3. f4 d5 4. e5 Nc6 5. Bb5 Bd7 6. Nf3 a6 7. Bxc6 Bxc6 8. 0-0 d4 9. Ne2 Ne7 10. d3 Nf5 11. c3 h5 12. cxd4 cxd4 13. Ng3 Nxg3 14. hxg3 Be7 15. Kf2 Qb6 16. b3 0-0-0 17. Bb2 h4 18. Rc1 Kb8 19. Rh1 hxg3+ 20. Kxg3 Rxh1 21. Qxh1 Bxf3 22. Kxf3 Qa5 23. Qd1 g5 24. g3 gxf4 25. gxf4 Qd5+ 0-1

[Event "AUT-ch U14"]
[Site "St Veit"]
[Date "2021.10.26"]
[Round "3.6"]
[White "Giselbrecht, Jerrik"]
[Black "Hengl, Philip"]
[Result "0-1"]
[WhiteElo "1714"]
[BlackElo "1947"]
[PlyCount "108"]
[EventDate "2021.10.25"]
[EventType "swiss"]
[EventRounds "7"]
[EventCountry "AUT"]
[SourceTitle "EXT 2023"]
[Source "ChessBase"]
[SourceDate "2022.10.05"]
[SourceVersion "1"]
[SourceVersionDate "2022.10.05"]
[SourceQuality "1"]

1. e4 c5 2. Nf3 e6 3. d4 cxd4 4. Nxd4 a6 5. Nc3 b5 6. Bd3 Qb6 7. Nf3 Nc6 8. 0-0 Qb8 9. Ne2 Bd6 10. Ng3 Nf6 11. b3 Bb7 12. Bb2 Ne5 13. Re1 Bc7 14. Rc1 h5 15. Nxe5 Bxe5 16. Bxe5 Qxe5 17. f3 Qc5+ 18. Kh1 h4 19. Nf1 Nh5 20. Qd2 Ng3+ 21. Nxg3 hxg3 22. h3 g5 23. Rf1 Ke7 24. c4 b4 25. Rce1 Rag8 26. Bc2 f6 27. Rd1 d6 28. Rfe1 g4 29. fxg4 Rxg4 30. Qe3 Qxe3 31. Rxe3 Rg5 32. Kg1 a5 33. Red3 Rd8 34. Re3 Kd7 35. Rf3 f5 36. Rf4 Bxe4 37. Bxe4 fxe4 38. Rxe4 Ke7 39. Rf1 d5 40. cxd5 Rdxd5 41. Rfe1 e5 42. h4 Rh5 43. Rg4 Ke6 44. Rxg3 Rxh4 45. Rge3 Rg4 46. R1e2 Rdd4 47. Rxe5+ Kf6 48. Rxa5 Rgf4 49. Rae5 Rd1+ 50. Re1 Rd2 51. R5e2 Rdd4 52. Rf2 Kg5 53. Rxf4 Kxf4 54. Kf2 Rd3 0-1

[Event "AUT-ch U12"]
[Site "St Veit"]
[Date "2019.06.09"]
[Round "4.6"]
[White "Giselbrecht, Jerrik"]
[Black "Hengl, Philip"]
[Result "1/2-1/2"]
[WhiteElo "1812"]
[BlackElo "1669"]
[PlyCount "60"]
[EventDate "2019.06.08"]
[EventType "swiss"]
[EventRounds "7"]
[EventCountry "AUT"]
[SourceTitle "EXT 2024"]
[Source "ChessBase"]
[SourceDate "2023.10.10"]
[SourceVersion "1"]
[SourceVersionDate "2023.10.10"]
[SourceQuality "1"]

1. e4 e6 2. d4 d5 3. Nc3 Nf6 4. e5 Nfd7 5. Nf3 c5 6. dxc5 Bxc5 7. Bf4 Nc6 8. Bd3 a6 9. 0-0 0-0 10. Bxh7+ Kh8 11. Bd3 g6 12. a3 Kg7 13. Qd2 Rh8 14. Bg5 Be7 15. Bf4 Nc5 16. Rad1 Nxd3 17. Qxd3 b5 18. Nd4 Na5 19. b4 Nc4 20. Qg3 Bb7 21. Nb1 Rh5 22. Nd2 Bh4 23. Qc3 Qe7 24. Nxc4 dxc4 25. Nf3 Bxf3 26. Qxf3 Rah8 27. h3 Rf5 28. Qe4 Bg5 29. Bg3 Bh4 30. Bf4 Bg5 1/2-1/2

[Event "AUT-ch U12"]
[Site "St Veit"]
[Date "2019.06.09"]
[Round "3.8"]
[White "Giselbrecht, Jerrik"]
[Black "Stadlbauer, Maximilian"]
[Result "1-0"]
[WhiteElo "1812"]
[BlackElo "1444"]
[PlyCount "49"]
[EventDate "2019.06.08"]
[EventType "swiss"]
[EventRounds "7"]
[EventCountry "AUT"]
[SourceTitle "EXT 2024"]
[Source "ChessBase"]
[SourceDate "2023.10.10"]
[SourceVersion "1"]
[SourceVersionDate "2023.10.10"]
[SourceQuality "1"]

1. e4 c5 2. Nf3 d6 3. d4 cxd4 4. Nxd4 Nf6 5. Nc3 g6 6. Be3 Bg7 7. f3 0-0 8. Qd2 Nc6 9. 0-0-0 Bd7 10. g4 Ne5 11. Kb1 Rc8 12. h4 h5 13. gxh5 Nxh5 14. Rg1 Nc4 15. Bxc4 Rxc4 16. f4 b5 17. Qe2 Qc8 18. f5 Kh7 19. Qg4 Be8 20. Ne6 fxe6 21. fxg6+ Kg8 22. Qxh5 Rf6 23. Qh7+ Kf8 24. Bh6 Bxh6 25. Qh8# 1-0

[Event "AUT-ch U12"]
[Site "St Veit"]
[Date "2019.06.08"]
[Round "1.11"]
[White "Loretz, Jonas"]
[Black "Giselbrecht, Jerrik"]
[Result "0-1"]
[WhiteElo "1222"]
[BlackElo "1812"]
[PlyCount "64"]
[EventDate "2019.06.08"]
[EventType "swiss"]
[EventRounds "7"]
[EventCountry "AUT"]
[SourceTitle "EXT 2024"]
[Source "ChessBase"]
[SourceDate "2023.10.10"]
[SourceVersion "1"]
[SourceVersionDate "2023.10.10"]
[SourceQuality "1"]

1. e4 c5 2. Nf3 e6 3. d4 cxd4 4. Nxd4 a6 5. Nc3 Qc7 6. Be3 Nf6 7. f3 b5 8. Qd2 Bb4 9. a3 Be7 10. Na2 Bb7 11. Bd3 d5 12. exd5 Nxd5 13. c3 Nxe3 14. Qxe3 Bh4+ 15. g3 Bf6 16. 0-0 0-0 17. Kg2 Nd7 18. Nb4 Nc5 19. Bc2 Rfe8 20. Rae1 e5 21. Nf5 Rac8 22. Rd1 Rcd8 23. h4 e4 24. f4 a5 25. Na2 Bd5 26. Nc1 Be6 27. Nd4 Bg4 28. Rd2 Qc8 29. Rff2 Bxd4 30. cxd4 Bf3+ 31. Kh2 Na4 32. Bxa4 Qxc1 0-1

[Event "AUT-ch U10"]
[Site "St Kanzian"]
[Date "2017.06.17"]
[Round "6.5"]
[White "Giselbrecht, Jerrik"]
[Black "Jetzl, Julian"]
[Result "1/2-1/2"]
[WhiteElo "1178"]
[BlackElo "1244"]
[PlyCount "70"]
[EventDate "2017.06.16"]
[EventType "swiss"]
[EventRounds "7"]
[EventCountry "AUT"]
[SourceTitle "EXT 2024"]
[Source "ChessBase"]
[SourceDate "2023.10.10"]
[SourceVersion "1"]
[SourceVersionDate "2023.10.10"]
[SourceQuality "1"]

1. e4 c5 2. Nf3 Nc6 3. Nc3 e5 4. Bc4 Be7 5. d3 Nf6 6. 0-0 d6 7. Bg5 Bg4 8. h3 Bh5 9. Bxf6 Bxf6 10. a3 Nd4 11. Nd5 Bxf3 12. gxf3 0-0 13. c3 Ne6 14. Kh2 Bg5 15. Rg1 Bf4+ 16. Nxf4 Nxf4 17. Rg3 Qc8 18. Qd2 h5 19. Rag1 g6 20. Rxg6+ Kh7 21. R6g3 Qd7 22. Qe1 Rg8 23. Qf1 Rab8 24. Ba2 Rbf8 25. Bc4 b5 26. Ba2 a5 27. b4 cxb4 28. cxb4 axb4 29. axb4 Qa7 30. Bb3 Qa3 31. Rxg8 Rxg8 32. Bxf7 Rg7 33. Rxg7+ Kxg7 34. Be8 Kf8 35. Bxb5 Qxb4 1/2-1/2

[Event "AUT-ch U10"]
[Site "St Kanzian"]
[Date "2017.06.17"]
[Round "4.9"]
[White "Narankhuu, Gan Erdene"]
[Black "Giselbrecht, Jerrik"]
[Result "0-1"]
[WhiteElo "1044"]
[BlackElo "1178"]
[PlyCount "58"]
[EventDate "2017.06.16"]
[EventType "swiss"]
[EventRounds "7"]
[EventCountry "AUT"]
[SourceTitle "EXT 2024"]
[Source "ChessBase"]
[SourceDate "2023.10.10"]
[SourceVersion "1"]
[SourceVersionDate "2023.10.10"]
[SourceQuality "1"]

1. e4 c5 2. Nf3 Nc6 3. Bc4 e6 4. Nc3 Qc7 5. d3 Nf6 6. 0-0 Be7 7. Re1 d6 8. Be3 0-0 9. d4 cxd4 10. Bxd4 Nxd4 11. Nxd4 Qxc4 12. Qd3 Qxd3 13. cxd3 a6 14. Nf3 Bd7 15. d4 Rfe8 16. e5 dxe5 17. dxe5 Nd5 18. Red1 Bc6 19. Rac1 Nxc3 20. Rxc3 Rad8 21. Rcd3 Rxd3 22. Rxd3 Rd8 23. Rd4 Bxf3 24. Rxd8+ Bxd8 25. gxf3 Kf8 26. Kf1 Ke7 27. Ke2 Bc7 28. h4 Bxe5 29. Ke3 Bxb2 0-1

[Event "AUT-ch U08"]
[Site "Woerth"]
[Date "2015.06.07"]
[Round "7.5"]
[White "Peraus, Tizian"]
[Black "Giselbrecht, Jerrik"]
[Result "1-0"]
[WhiteElo "945"]
[BlackElo "963"]
[PlyCount "67"]
[EventDate "2015.06.05"]
[EventType "swiss"]
[EventRounds "7"]
[EventCountry "AUT"]
[SourceTitle "EXT 2024"]
[Source "ChessBase"]
[SourceDate "2023.10.10"]
[SourceVersion "1"]
[SourceVersionDate "2023.10.10"]
[SourceQuality "1"]

1. e4 c5 2. Nf3 Nc6 3. d4 cxd4 4. Nxd4 Nxd4 5. Qxd4 d6 6. Bc4 e5 7. Qd5 Be6 8. Qd3 Rc8 9. Bb5+ Bd7 10. Bxd7+ Qxd7 11. Nc3 Nf6 12. Be3 a6 13. 0-0-0 Be7 14. Nd5 Nxd5 15. Qxd5 0-0 16. f4 Qc7 17. c3 exf4 18. Bxf4 Rfd8 19. Qf5 b5 20. Qg4 h6 21. Bxh6 Kf8 22. Qxg7+ Ke8 23. Qg8+ Kd7 24. Qxf7 Re8 25. e5 Kd8 26. exd6 Bg5+ 27. Bxg5+ Qe7 28. dxe7+ Kc7 29. Bf4+ Kb7 30. Qd5+ Ka7 31. Qd7+ Ka8 32. Rd6 Rxc3+ 33. bxc3 Kb8 34. Rxa6# 1-0

[Event "AUT-ch U08"]
[Site "Woerth"]
[Date "2015.06.06"]
[Round "5.6"]
[White "Giselbrecht, Jerrik"]
[Black "Stadlinger, Lukas"]
[Result "1-0"]
[WhiteElo "963"]
[BlackElo "800"]
[PlyCount "87"]
[EventDate "2015.06.05"]
[EventType "swiss"]
[EventRounds "7"]
[EventCountry "AUT"]
[SourceTitle "EXT 2024"]
[Source "ChessBase"]
[SourceDate "2023.10.10"]
[SourceVersion "1"]
[SourceVersionDate "2023.10.10"]
[SourceQuality "1"]

1. e4 e5 2. Nf3 Nc6 3. Bc4 Nf6 4. d3 Bc5 5. c3 h6 6. 0-0 d6 7. Be3 Bxe3 8. fxe3 Be6 9. Bxe6 fxe6 10. Nbd2 Qe7 11. Nh4 Nxe4 12. Ng6 Qg5 13. Nxh8 Qxe3+ 14. Kh1 Nf2+ 15. Rxf2 Qxf2 16. Qh5+ Kd7 17. Ne4 Qxb2 18. Rf1 Rxh8 19. Qf7+ Ne7 20. Qxg7 Re8 21. Nf6+ Kd8 22. Nxe8 Kxe8 23. h3 Qxa2 24. Rf7 Kd7 25. Rxe7+ Kc6 26. c4 Qb1+ 27. Kh2 Qb6 28. Qf7 a5 29. Qxe6 Qd4 30. Qd5+ Kb6 31. Qb5+ Ka7 32. Re8 Qf4+ 33. Kg1 Qe3+ 34. Kf1 Qxd3+ 35. Ke1 Qc3+ 36. Kd1 Qd3+ 37. Kc1 Qf1+ 38. Kd2 Qf2+ 39. Kd3 Qf5+ 40. Kc3 b6 41. Qc6 b5 42. Qa8+ Kb6 43. Rb8+ Kc5 44. Qd5# 1-0